|
|
|
|
| LEADER |
00000nab a2200000uu 4500 |
| 001 |
vtls011434126 |
| 003 |
SK-MaSNL |
| 005 |
20260303145835.0 |
| 008 |
230222|1984 xo |||||||||||||||||cze| |
| 015 |
|
|
|a SNBRB
|
| 035 |
|
|
|a (urnnbn)urn:nbn:sk:snk:ar-001qt0
|
| 035 |
|
|
|a (uuid)58ae5f6c-cb6e-4b83-82eb-6b6eaa8f6779
|
| 035 |
|
|
|a urn:nbn:sk:snk-abca1h
|
| 040 |
|
|
|a SNKBUCL
|b slo
|c SNKBUCL
|e AACR2
|
| 041 |
0 |
|
|a cze
|
| 044 |
|
|
|a xo
|c SK
|
| 100 |
1 |
|
|a Boháč, Jaroslav,
|d 1952-
|4 aut
|9 109590
|
| 245 |
1 |
0 |
|a NOVÉ FAUNISTICKÉ ÚDAJE O ČESKOSLOVENSKÝCH DRABČÍCÍCH PODČELEDI OMALIINAE (COLEOPTERA, STAPHYLINIDAE)
|c Jaroslav Boháč
|
| 773 |
0 |
|
|t Zborník Slovenského národného múzea
|g Roč. 78, č. 30 (1984), s. 103-[113]
|
| 958 |
|
|
|a OND
|
| 958 |
|
|
|a EUIPO
|
| 958 |
|
|
|a article16
|
| 999 |
|
|
|c 2005689
|d 2007619
|